ZKM Gdynia - 959 - Statystyki

Ogólne statystyki
  • Ten quiz został rozwiązany 8 razy
  • Średni wynik to 5 z 11
Statystyki odpowiedzi
Przystanek Ulica % Poprawnych
Chylonia Centrum Morska
100%
Chylonia Dworzec PKP Pl. Dworcowy
100%
Obwodnica - Kcyńska Obwodnica Trójmiasta
60%
Chylonia Dworzec PKP Katruska
40%
Chylonia Dworzec PKP Pl. Dworcowy
40%
Modrzewiowa Modrzewiowa
40%
Pustki Cisowskie Chabrowa
40%
Żurawia Chabrowa
40%
Żurawia Chabrowa
40%
Bławatna Chabrowa
20%
Wiklinowa Chabrowa
20%
Nie znaleziono quizów pasujących do podanych kryteriów
Rozkład punktacji
Procent ludzi z każdym wynikiem
Percentyl według liczby udzielonych odpowiedzi
Twoja historia wyników
Nie rozwiązałeś tego quizu